| 000 | 00755nam a2200253Ia 4500 | ||
|---|---|---|---|
| 003 | OSt | ||
| 005 | 20220925224501.0 | ||
| 006 | a|||||r|||| 00| 0 | ||
| 007 | ta | ||
| 008 | 220923b |||||||| |||| 00| 0 eng d | ||
| 037 | _cGeneral Book | ||
| 040 |
_aRTL _cRTL _beng |
||
| 041 |
_2eng _aeng |
||
| 082 | _aT.42.M68<--J80, K5;1 | ||
| 100 | _aDore R P | ||
| 245 | 0 | _aEducaiton in Tokugawa Japan | |
| 260 |
_aLondon _bRoutledge & Kegan Paul UK _c1965 |
||
| 300 |
_axi, 346p. _ccm. |
||
| 490 | _aInternaitonal libaray of sociology and social recontruction | ||
| 500 | _aBibliography: P. 327-37; Appendix p. 317-26 | ||
| 650 | _aEducation | ||
| 942 |
_hT.42.M68<--J80, K5;1 _cGB _2CC |
||
| 999 |
_c581564 _d581564 |
||